| 000 | 00401nam a22001457a 4500 | ||
|---|---|---|---|
| 005 | 20151204103759.0 | ||
| 008 | 151204b xxu||||| |||| 00| 0 eng d | ||
| 040 | _cPK-LaUMT | ||
| 082 |
_aMSC 320.95491 _bMAN-R |
||
| 100 | _aمنظور شاہد | ||
| 245 |
_aرنگ چمن _cمنظور شاہد |
||
| 260 |
_aلاہور _bتارکین وطن پبلیکیشنز _c2009 |
||
| 300 | _a198 ص | ||
| 942 | _cBK | ||
| 999 |
_c79524 _d79524 |
||